000 00241nam a22000977a 4500
999 _c11696
_d11696
008 200110b ||||| |||| 00| 0 eng d
020 _a9780679881261
100 _aMolly Coxe
_97395
245 _aBig Egg
260 _aNew York
_bRandom House
_c1997